000 00480pab a2200169 454500
008 180718b2008 xxu||||| |||| 00| 0 eng d
100 _aPatil, M.R.
245 _aKey components and their significance in formulating effective research proposals in social sciences and allied disciplines
260 _c2008
300 _ap.7-12,17.
362 _a25 Feb
650 _aSocial research
700 _aArolkar, D.B.
773 _aUniversity News
908 _aN
909 _a77378
999 _c77378
_d77378